[Event "Arcadia King Memorial 1st"]
[Site "Arcadia"]
[Date "2023.08.05"]
[Round "6"]
[White "Novoselski, Zoran"]
[Black "Sargsyan, Anna"]
[Result "0-1"]
[WhiteElo "2234"]
[BlackElo "2354"]
[PlyCount "112"]
[EventDate "2023.08.02"]
[EventType "tourn"]
[EventRounds "10"]
[EventCountry "USA"]
[EventCategory "2"]
[SourceTitle "EXT 2024"]
[Source "ChessBase"]
[SourceDate "2023.10.10"]
[SourceVersion "1"]
[SourceVersionDate "2023.10.10"]
[SourceQuality "1"]

1. e4 c6 2. Nf3 d5 3. d3 g6 4. Be2 Bg7 5. 0-0 e5 6. Re1 Ne7 7. Bf1 Nd7 8. b3 0-0 9. a4 Qc7 10. g3 f5 11. Nbd2 h6 12. Ba3 Rf7 13. Bg2 Nf8 14. c4 fxe4 15. dxe4 d4 16. c5 g5 17. Nc4 Nfg6 18. Nd6 Rf8 19. Nd2 Be6 20. N2c4 Rf6 21. a5 Raf8 22. Ra2 a6 23. Bf1 Nc8 24. Nxc8 Qxc8 25. Nb6 Qe8 26. Bc4 Kh7 27. Bc1 Qf7 28. Rf1 Qe7 29. Qh5 Kg8 30. Qe2 Rf3 31. b4 Kh7 32. Ra3 Bg4 33. Qa2 Qf6 34. Rxf3 Qxf3 35. Qb3 Qxe4 36. Bd3 Qf3 37. Qc2 Bf5 38. Bxf5 Rxf5 39. Nc4 d3 40. Qd1 e4 41. Nd6 Rd5 42. Bd2 Ne5 43. Re1 Qxd1 44. Rxd1 Nf3+ 45. Kg2 Nxd2 46. Rxd2 Bc3 47. Rd1 Bxb4 48. Nxe4 Kg6 49. Kf3 Bxa5 50. Ke3 d2 51. Ke2 Bb4 52. Rb1 a5 53. g4 a4 54. Kd1 Rd4 55. f3 a3 56. Ra1 Rd3 0-1

[Event "Arcadia King Memorial 1st"]
[Site "Arcadia"]
[Date "2023.08.03"]
[Round "4"]
[White "Sargsyan, Anna"]
[Black "Wu, Derek"]
[Result "1-0"]
[WhiteElo "2354"]
[BlackElo "2171"]
[PlyCount "65"]
[EventDate "2023.08.02"]
[EventType "tourn"]
[EventRounds "10"]
[EventCountry "USA"]
[EventCategory "2"]
[SourceTitle "EXT 2024"]
[Source "ChessBase"]
[SourceDate "2023.10.10"]
[SourceVersion "1"]
[SourceVersionDate "2023.10.10"]
[SourceQuality "1"]

1. e4 c5 2. Nf3 d6 3. Bb5+ Bd7 4. Bxd7+ Qxd7 5. 0-0 Nc6 6. c3 d5 7. e5 e6 8. d4 Nge7 9. Re1 b6 10. Nbd2 cxd4 11. cxd4 Nf5 12. Nf1 Bb4 13. Re2 0-0 14. g4 Nh6 15. Bxh6 gxh6 16. Rc1 f5 17. Qa4 fxg4 18. Ne1 Bxe1 19. Qxc6 Qxc6 20. Rxc6 Ba5 21. Rxe6 Rf4 22. Ng3 Rxd4 23. Rxh6 Rd1+ 24. Kg2 d4 25. Re4 d3 26. Rxg4+ Kh8 27. Rgh4 d2 28. Rxh7+ Kg8 29. Rd7 Rf8 30. Ne4 Re1 31. Nf6+ Rxf6 32. exf6 d1Q 33. Rg7+ 1-0

[Event "Arcadia King Memorial 1st"]
[Site "Arcadia"]
[Date "2023.08.02"]
[Round "1"]
[White "Sargsyan, Anna"]
[Black "Novoselski, Zoran"]
[Result "1-0"]
[WhiteElo "2354"]
[BlackElo "2234"]
[PlyCount "75"]
[EventDate "2023.08.02"]
[EventType "tourn"]
[EventRounds "10"]
[EventCountry "USA"]
[EventCategory "2"]
[SourceTitle "EXT 2024"]
[Source "ChessBase"]
[SourceDate "2023.10.10"]
[SourceVersion "1"]
[SourceVersionDate "2023.10.10"]
[SourceQuality "1"]

1. e4 e5 2. Nf3 Nc6 3. Bc4 Bc5 4. c3 Qe7 5. b4 Bb6 6. a4 a6 7. 0-0 d6 8. d4 Nf6 9. a5 Ba7 10. d5 Nb8 11. Re1 h6 12. Bd3 g5 13. Be3 Nbd7 14. Bxa7 Rxa7 15. c4 Nf8 16. Na3 Ng6 17. Qc2 0-0 18. c5 Bg4 19. Nd2 Raa8 20. Rac1 Ne8 21. c6 b5 22. axb6 cxb6 23. Nac4 Qc7 24. Ra1 Nf4 25. Bf1 Bc8 26. b5 a5 27. Nb1 f5 28. g3 Nh5 29. Nc3 Nhg7 30. Na4 Rb8 31. Bh3 Nf6 32. Bxf5 Nxf5 33. exf5 Ng4 34. f6 Rxf6 35. f3 Rxf3 36. Qg6+ Kh8 37. Rf1 Bf5 38. Qxd6 1-0

[Event "Catalunya-ch (Women)"]
[Site "Amposta"]
[Date "2017.04.16"]
[Round "4.3"]
[White "Hernando Rodrigo, Inmaculada"]
[Black "Sargsyan, Anna"]
[Result "1/2-1/2"]
[WhiteElo "1897"]
[BlackElo "1740"]
[PlyCount "148"]
[EventDate "2017.04.14"]
[EventType "swiss"]
[EventRounds "5"]
[EventCountry "ESP"]
[SourceTitle "EXT 2024"]
[Source "ChessBase"]
[SourceDate "2023.10.10"]
[SourceVersion "1"]
[SourceVersionDate "2023.10.10"]
[SourceQuality "1"]

1. e4 c5 2. d3 e5 3. c3 Nc6 4. Nf3 Nf6 5. Be2 Be7 6. 0-0 0-0 7. h3 d5 8. Nbd2 Be6 9. Re1 d4 10. Nf1 h6 11. Ng3 Qd7 12. c4 Rab8 13. Nh2 b5 14. b3 bxc4 15. bxc4 Bd6 16. Bd2 Rb6 17. Rb1 Rfb8 18. Rxb6 Rxb6 19. Qc1 Qc7 20. Nh5 Nxh5 21. Bxh5 Qb8 22. Bg4 Bxg4 23. Nxg4 Kh7 24. Bxh6 Nb4 25. Bxg7 Be7 26. Bxe5 Qg8 27. Qd2 Bg5 28. f4 Bh4 29. Rb1 f6 30. Bc7 Ra6 31. Rb2 Ra3 32. Rb3 Rxa2 33. Qc1 Qf7 34. Bd6 f5 35. exf5 Qxf5 36. Qd1 Bg3 37. Be5 Nc2 38. Nf6+ Kg6 39. Rb1 Ne3 40. Qf3 Rxg2+ 41. Qxg2 Nxg2 42. Kxg2 Qxd3 43. Rb8 Bxf4 44. Bxf4 Kxf6 45. h4 Qe2+ 46. Kg3 Qxc4 47. h5 Qd3+ 48. Kh4 Qe2 49. Bg5+ Kf7 50. Rb7+ Kf8 51. Rb8+ Kf7 52. Rb7+ Ke8 53. Rb8+ Kd7 54. Rb7+ Kc6 55. Re7 Qh2+ 56. Kg4 d3 57. h6 d2 58. Bxd2 Qxd2 59. h7 Qh6 60. Rxa7 Kb6 61. Re7 c4 62. Kf3 Kc5 63. Rc7+ Kd4 64. Rd7+ Kc3 65. Re7 Kc2 66. Ke4 c3 67. Kd4 Kd2 68. Kc4 c2 69. Rd7+ Kc1 70. Kc3 Qc6+ 71. Kb3 Qxd7 72. h8Q Qb5+ 73. Ka3 Kb1 74. Qa1+ Kxa1 1/2-1/2